Les prélis - Columbine (paroles) - Statistiques

Statistiques générales
  • Ce quiz a été pris 298 fois
    297 depuis la dernière actualisation
  • Le résultat moyen est 603 sur 785
Statistiques - réponses
Paroles % Correct
à
100%
a
100%
À
100%
B
99%
le
99%
ça
98%
Ça
98%
de
98%
du
98%
fleur
98%
je
98%
Je
98%
ma
98%
mal,
98%
mal
98%
me
98%
mes
98%
avec
97%
bouquet
97%
les
97%
(les
97%
tu
97%
dans
96%
final
96%
un
96%
ce
95%
cordes
95%
la
95%
pends
95%
s'en
95%
vocales
95%
rêve,
94%
c'est
93%
des
93%
en
93%
93%
si
93%
crèves
91%
juste
91%
lequel
91%
que
91%
seul
91%
vie
91%
comme
90%
pas
90%
pas)
90%
ne
89%
son
89%
tout
89%
te
88%
caresses
87%
sans
87%
ses
87%
sur
86%
détresse,
84%
film
84%
j'ai
83%
prélis
83%
ami,
81%
fleurs
81%
mon
81%
par
81%
pour
81%
rentre
81%
rouge
81%
sirote
81%
trajet
81%
après
80%
cours
80%
pirate
80%
bout
79%
sais
79%
vieux
79%
vois
79%
vous
79%
allemand
78%
est
78%
films
78%
lame
78%
police
78%
premier
78%
question
78%
collier
77%
jamais
77%
rêves
77%
tous
77%
belle
76%
remettez-
76%
une
76%
j'attends
75%
lave,
75%
amis
74%
fais
74%
logiciels
74%
adultes
73%
bisous
73%
bouillant
73%
diamant,
73%
j'entends
73%
n'écoute
73%
elle
72%
clapet
71%
ferme
71%
l'alarme
71%
Nokia
71%
première
71%
tromper
71%
au
70%
digitale
70%
l'ordi
70%
oiseau
70%
paix
70%
résonner
70%
sons
70%
t'es
70%
tes
70%
annonce
69%
bite
69%
(bite-
69%
bite)
69%
écoute
69%
endormis,
69%
petit
69%
plume
69%
l'empreinte
68%
devant
67%
Zizou
67%
Columbine
66%
columbine
66%
grand
66%
poussière,
66%
singes
66%
toujours
66%
2K16
65%
2K16,
65%
basse
65%
bibi
65%
division
65%
fois
65%
lit
65%
part
65%
vallée
65%
veux
65%
étoiles,
64%
étoiles
64%
parfum
64%
prince
64%
quoi?
64%
sac
64%
d'animation
63%
dessins
63%
FIFA
63%
j'habite
63%
n'es
63%
neurones
63%
nouveaux
63%
ballec'
62%
best
62%
jours,
62%
of
62%
parents
62%
suce
62%
taille
62%
téma
62%
cris
61%
disent
61%
habits
61%
rails
61%
assez
60%
branlette
60%
muerte
60%
prends
60%
avale
59%
dos
59%
échec,
59%
Foda
59%
loup
59%
méchant
59%
partie,
59%
partie
59%
plan
59%
plonge,
59%
rues
59%
base
58%
l'autisme
58%
levrette
58%
lune,
58%
n'est
58%
résonnent
58%
silence
58%
vulve
58%
colombe
57%
couleur
57%
cracké
57%
d'une
57%
fautes
57%
fractale,
57%
gracias
57%
j'suis
57%
lâché
57%
l'histoire
57%
marée
57%
piñata
57%
pleure
57%
por
57%
poussette
57%
regard
57%
régimes
57%
suis
57%
début
56%
m'en
56%
absolument
55%
carrelage
55%
cimetière,
55%
colonies
55%
croissant
55%
déménagement
55%
grenier
55%
j'écris
55%
joué
55%
joue
55%
mouille
55%
osier
55%
pauvre,
55%
poumons
55%
y
55%
autres,
54%
billets,
54%
devants
54%
fait
54%
Gucci
54%
mode
54%
noirs
54%
temps
54%
Totoro
54%
verge
54%
être
53%
fous
53%
Haribo,
53%
roucarnage
53%
sauter
53%
bonheur
52%
go
52%
ivoire,
52%
mais
52%
sélectionner
52%
visière
52%
balance
51%
BNP
51%
cache
51%
galaxie
51%
gardien
51%
odeur
51%
oreilles
51%
Paribas
51%
Pepito,
51%
serai
51%
téléporté,
51%
47
50%
4G,
50%
A4
50%
caleçon
50%
Charlie
50%
déchet
50%
enfance,
50%
forêt,
50%
l'océan
50%
morde
50%
obligé
50%
sexe
50%
t'as
50%
vaisseau
50%
airbags
49%
feuilles
49%
l'hameçon
49%
millions
49%
sentiments
49%
trophée,
49%
voir
49%
jusqu'à
48%
musée
48%
armes
47%
aux
47%
cerveau,
47%
chatte
47%
fâché
47%
jouent
47%
l'amour
47%
mettre,
47%
mettre
47%
sont
47%
souffrir
47%
ariba,
46%
ariba
46%
copines
46%
crevette
46%
fast
46%
il
46%
Life,
46%
quand
46%
sois
46%
carapace,
45%
carences
45%
cette
45%
colombine
45%
coupe
45%
j'égare
45%
j'vais
45%
malheur
45%
tour
45%
bougies
44%
deux
44%
échecs
44%
romans
44%
sept
44%
souffle
44%
2K17
43%
banque
43%
dames
43%
Eiffel
43%
guerrier
43%
kamas,
43%
négligé
43%
quatre-
43%
qu'on
43%
réussir,
43%
soirée
43%
thug
43%
tomber
43%
maintenant
42%
massage
42%
quarts
42%
tatouages
42%
apache
41%
infinies
41%
motorola
41%
petite
41%
bientôt
40%
books
39%
depuis
39%
garage,
39%
l'Everest
39%
miroirs
39%
brisés,
38%
canne
38%
appui
37%
noireaudes
37%
protégés
37%
salon
37%
danse
36%
j'ignore
36%
gaz
34%
Google
34%
milieu
34%
flips
33%
Chaps
30%
lièvre
30%
souffre
30%
maquille
29%
nuru
22%
aye
19%
Aucun quiz correspondant
Distribution des résultats
% des personnes avec chaque résultat
Percentile par nombre de réponses
Votre historique - résultats
Vous n’avez pas pris ce quiz depuis la dernière actualisation